00310pab a2200121 454500008004000000100002500040245006000065260000900125300001200134362000800146650001500154773001900169180718b2002 xxu||||| |||| 00| 0 eng d aFoster, John Bellamy aCapitalism and ecology: the nature of the contradiction c2002 ap.6-16. aSep aCapitalism aMonthly Review